[Event "XXXII C.to Italiano ASCI"]
[Site "Folgaria ITA"]
[Date "2004.07.01"]
[Round "6"]
[White "Fratini, Mauro"]
[Black "Gasperoni, Claudio"]
[Result "0-1"]
[WhiteElo "1787"]
[BlackElo "1712"]
[PlyCount "54"]
[EventDate "2004.06.26"]

1. d4 d5 2. Bf4 Nf6 3. e3 e6 4. Bd3 Bd6 5. Bg3 c5 6. c3 Nc6 7. Nf3 Qc7 8. dxc5
Bxg3 9. hxg3 e5 10. Be2 O-O 11. Nbd2 Bg4 12. Nh4 Bxe2 13. Qxe2 d4 14. Nf5 dxc3
15. bxc3 Qa5 16. Qc4 e4 17. Nxe4 Nxe4 18. Qxe4 Qxc3+ 19. Ke2 Rfe8 20. Qh4 Qc2+
21. Ke1 Qxf5 22. Rc1 Ne5 23. Ke2 Qd3+ 24. Ke1 Rad8 25. Qb4 Qd5 26. Ke2 Qd3+ 27.
Ke1 Qa6 0-1

[Event "XXXII C.to Italiano ASCI"]
[Site "Folgaria ITA"]
[Date "2004.07.02"]
[Round "7"]
[White "Fratini, Mauro"]
[Black "Damiani, Lorenzo"]
[Result "1/2-1/2"]
[WhiteElo "1787"]
[BlackElo "1706"]
[PlyCount "84"]
[EventDate "2004.06.26"]

1. d4 d5 2. Nf3 Nf6 3. Bf4 g6 4. e3 Bg7 5. c4 c6 6. Nc3 Bg4 7. cxd5 Nxd5 8. Bg3
Nxc3 9. bxc3 O-O 10. Be2 Nd7 11. O-O Nf6 12. h3 Bf5 13. c4 Ne4 14. Bf4 Nc3 15.
Qd2 Nxe2+ 16. Qxe2 c5 17. Rfd1 cxd4 18. exd4 Bd7 19. Rac1 e6 20. Qe3 Re8 21.
Ng5 Qe7 22. Nf3 Ba4 23. Re1 Rad8 24. Ne5 a6 25. Nd3 Bxd4 26. Qg3 Qa3 27. Ne5
Qxg3 28. Bxg3 Bc5 29. Re2 Bd1 30. Rb2 Ba3 31. Rcb1 Bxb2 32. Rxb2 Re7 33. Bh4
Rde8 34. Bxe7 Rxe7 35. Rd2 Ba4 36. Rd8+ Kg7 37. Rc8 f6 38. Nd3 Bc2 39. Nc5 f5
40. f4 Bb1 41. a4 Ba2 42. Nd3 Bb1 1/2-1/2

[Event "XXXII C.to Italiano ASCI"]
[Site "Folgaria ITA"]
[Date "2004.07.02"]
[Round "7"]
[White "Gasperoni, Claudio"]
[Black "Accossano, Paolo"]
[Result "0-1"]
[WhiteElo "1712"]
[BlackElo "1682"]
[PlyCount "88"]
[EventDate "2004.06.26"]

1. d4 Nf6 2. c4 c5 3. d5 e6 4. Bg5 exd5 5. cxd5 d6 6. Nc3 g6 7. Nf3 Bg7 8. g3
O-O 9. Bg2 a6 10. O-O b5 11. Qc2 Bg4 12. h3 Bxf3 13. Bxf3 Nbd7 14. Rad1 Ne5 15.
Bg2 Qc7 16. Qc1 Rfe8 17. g4 Nfd7 18. b3 c4 19. f4 cxb3 20. fxe5 Bxe5 21. axb3
Qxc3 22. Qa3 Bd4+ 23. Kh1 Bc5 24. Qa2 Qe5 25. Bh4 Qxe2 26. Qa1 Qe5 27. Qc1 Qe3
28. Qc2 Rec8 29. Rf3 Qh6 30. Bg3 Bd4 31. Qe2 Be5 32. Bxe5 Nxe5 33. Re3 Nxg4 34.
Re7 Ne5 35. Rxe5 dxe5 36. Qxe5 Re8 37. Qf6 Qg7 38. Qb6 Qe5 39. d6 Rab8 40. Qxa6
Rbd8 41. Bd5 Qg3 42. Bxf7+ Kxf7 43. Qb7+ Kg8 44. Qd5+ Kh8 0-1

[Event "XII Olimpiadi IBCA"]
[Site "Tarragona ESP"]
[Date "2004.11.03"]
[Round "1.3"]
[White "Kalik, Jan"]
[Black "Pugliese, Giuseppe"]
[Result "1-0"]
[WhiteElo "2010"]
[BlackElo "1648"]
[Annotator "ITA-CZE"]
[PlyCount "69"]
[EventDate "2004.11.03"]

1. e4 c5 2. Nf3 e6 3. d4 cxd4 4. Nxd4 Nc6 5. Be3 Nf6 6. Nc3 Bb4 7. Bd3 Qc7 8.
Ndb5 Qb8 9. O-O a6 10. Nd4 Nxd4 11. Bxd4 e5 12. Be3 b5 13. Bg5 Be7 14. Bxf6
Bxf6 15. Nd5 Bd8 16. b4 Bb7 17. Qg4 g6 18. Rae1 O-O 19. Qxd7 Bc8 20. Ne7+ Bxe7
21. Qxe7 Be6 22. a3 Ra7 23. Qf6 a5 24. h4 axb4 25. axb4 Bc4 26. Bxc4 bxc4 27.
h5 gxh5 28. Re3 h4 29. c3 Re8 30. Rh3 Re6 31. Qxh4 h6 32. Rd1 Kh7 33. Rf3 Rd6
34. Rxd6 Ra1+ 35. Kh2 1-0

[Event "XII Olimpiadi IBCA"]
[Site "Tarragona ESP"]
[Date "2004.11.04"]
[Round "2.1"]
[White "Kowalczyk, Martin"]
[Black "Spinu, Evgeny"]
[Result "0-1"]
[WhiteElo "2066"]
[BlackElo "2307"]
[Annotator "ITA-MDA"]
[PlyCount "74"]
[EventDate "2004.11.03"]

1. e4 c5 2. Nf3 Nc6 3. Bb5 Na5 4. c3 a6 5. Ba4 b5 6. Bc2 e6 7. O-O Bb7 8. d4
cxd4 9. cxd4 Nf6 10. Re1 Bb4 11. Nbd2 Rc8 12. a3 Be7 13. b4 Nc4 14. Nxc4 bxc4
15. Bg5 h6 16. Bh4 O-O 17. Bb1 Nh7 18. Bg3 d6 19. Qc2 Re8 20. e5 Nf8 21. exd6
Bxd6 22. Ne5 Bb8 23. Qe2 Qd5 24. Be4 Qxe4 25. Qxe4 Bxe4 26. Rxe4 Red8 27. Nf3
f5 28. Rh4 g5 29. Rxh6 f4 30. Nxg5 fxg3 31. hxg3 Rxd4 32. Re1 Rd6 33. Re4 e5
34. Rh5 Rd4 35. Re1 c3 36. Nf3 c2 37. Nxd4 c1=Q 0-1

[Event "XII Olimpiadi IBCA"]
[Site "Tarragona ESP"]
[Date "2004.11.07"]
[Round "5.1"]
[White "Kauzky, Hartmut"]
[Black "Kowalczyk, Martin"]
[Result "1/2-1/2"]
[WhiteElo "2042"]
[BlackElo "2066"]
[Annotator "ITA-AUT"]
[PlyCount "33"]
[EventDate "2004.11.03"]

1. e4 e5 2. Nf3 Nf6 3. d4 Nxe4 4. Bd3 d5 5. Nxe5 Bd6 6. c4 Bb4+ 7. Nd2 Nxd2 8.
Bxd2 Bxd2+ 9. Qxd2 O-O 10. O-O dxc4 11. Bxc4 Nd7 12. Nxd7 Bxd7 13. Rac1 c6 14.
Qf4 Qb8 15. Qf3 Qd6 16. Rfd1 Rae8 17. Rc3 1/2-1/2

[Event "XII Olimpiadi IBCA"]
[Site "Tarragona ESP"]
[Date "2004.11.07"]
[Round "5.2"]
[White "Fratini, Mauro"]
[Black "Gerold, Arnold"]
[Result "1-0"]
[WhiteElo "1778"]
[BlackElo "2000"]
[Annotator "ITA-AUT"]
[PlyCount "49"]
[EventDate "2004.11.03"]

1. d4 Nf6 2. Nf3 g6 3. Bf4 Bg7 4. e3 O-O 5. Nbd2 d6 6. h3 b6 7. Be2 Bb7 8. O-O
Nbd7 9. c3 Re8 10. Nc4 Ne4 11. Qc2 a5 12. a4 e6 13. Rad1 Qe7 14. Rfe1 Rad8 15.
Na3 e5 16. Bh2 c6 17. Qxe4 d5 18. Qc2 f6 19. dxe5 fxe5 20. c4 Nc5 21. cxd5 cxd5
22. Nb5 Rc8 23. Nc3 Red8 24. Qb1 Nb3 25. Bg3 1-0

[Event "XII Olimpiadi IBCA"]
[Site "Tarragona ESP"]
[Date "2004.11.08"]
[Round "6.2"]
[White "Vojan, Istvan"]
[Black "Fratini, Mauro"]
[Result "1-0"]
[WhiteElo "2078"]
[BlackElo "1778"]
[Annotator "ITA-HUN"]
[PlyCount "51"]
[EventDate "2004.11.03"]

1. e4 d6 2. d4 Nf6 3. Nc3 g6 4. f4 Bg7 5. Nf3 O-O 6. Bd3 Nbd7 7. O-O c5 8. d5
a6 9. a4 Nb6 10. a5 Nbd7 11. Qe2 Ne8 12. e5 Nc7 13. Bd2 Re8 14. Rae1 b5 15.
axb6 Nxb6 16. Be4 Bb7 17. f5 Nbxd5 18. fxg6 hxg6 19. Ng5 Nxc3 20. Bxc3 Bxe4 21.
Qxe4 f6 22. Qxg6 fxe5 23. Qf7+ Kh8 24. Re3 Qd7 25. Rh3+ Qxh3 26. Nxh3 1-0

[Event "XII Olimpiadi IBCA"]
[Site "Tarragona ESP"]
[Date "2004.11.08"]
[Round "6.3"]
[White "Pugliese, Giuseppe"]
[Black "Eros, Pal"]
[Result "1/2-1/2"]
[WhiteElo "1648"]
[BlackElo "2087"]
[Annotator "ITA-HUN"]
[PlyCount "53"]
[EventDate "2004.11.03"]

1. e4 c5 2. Nf3 e6 3. d4 cxd4 4. Nxd4 a6 5. Be2 Qc7 6. O-O Nf6 7. Qd3 Nc6 8.
Nxc6 dxc6 9. Nc3 Be7 10. Qg3 Qxg3 11. hxg3 b5 12. e5 Nd5 13. Ne4 Bb7 14. Bd2
O-O-O 15. Rfd1 h5 16. Bf3 f6 17. Kf1 fxe5 18. Ke2 Rdf8 19. b3 h4 20. gxh4 Rxh4
21. g3 Rh2 22. c4 Nc7 23. Rh1 Rfh8 24. Rxh2 Rxh2 25. Rd1 bxc4 26. bxc4 c5 27.
Bc3 1/2-1/2

[Event "XII Olimpiadi IBCA"]
[Site "Tarragona ESP"]
[Date "2004.11.09"]
[Round "7.1"]
[White "Magnusson, Joergen"]
[Black "Kowalczyk, Martin"]
[Result "1-0"]
[WhiteElo "2300"]
[BlackElo "2066"]
[Annotator "ITA-SWE"]
[PlyCount "103"]
[EventDate "2004.11.03"]

1. Nf3 Nf6 2. g3 b6 3. Bg2 Bb7 4. O-O e6 5. d3 d5 6. Nbd2 c5 7. c3 Be7 8. Qc2
O-O 9. Re1 Nc6 10. e4 Rc8 11. e5 Nd7 12. Nf1 Qc7 13. Bf4 Rfd8 14. h4 Qb8 15.
N1h2 Qa8 16. Qe2 b5 17. Ng4 a5 18. h5 d4 19. h6 dxc3 20. hxg7 Kxg7 21. Bh6+ Kg8
22. bxc3 b4 23. Qe3 bxc3 24. Qf4 Nd4 25. Nxd4 cxd4 26. Bxb7 Qxb7 27. Nf6+ Kh8
28. Qg4 Rg8 29. Nxg8 Rxg8 30. Qxd4 Qf3 31. Qf4 Qh5 32. Kg2 Rg4 33. Qf3 Qg6 34.
Qa8+ Qg8 35. Qxg8+ Rxg8 36. d4 Nb6 37. Rac1 Nd5 38. Rc2 Rb8 39. Kf3 a4 40. Bc1
Kg7 41. Ke4 Rc8 42. Rh1 f5+ 43. exf6+ Bxf6 44. Ba3 Rc4 45. Rd1 Rc7 46. Rb1 Kg6
47. Bc5 Kf7 48. a3 Be7 49. Bxe7 Kxe7 50. Rb5 Nf6+ 51. Kd3 Ng4 52. Rg5 1-0

[Event "XII Olimpiadi IBCA"]
[Site "Tarragona ESP"]
[Date "2004.11.09"]
[Round "8.1"]
[White "Bischoff, Dieter"]
[Black "Kowalczyk, Martin"]
[Result "1/2-1/2"]
[WhiteElo "2159"]
[BlackElo "2066"]
[Annotator "ITA-GER"]
[PlyCount "74"]
[EventDate "2004.11.03"]

1. d4 Nf6 2. c4 e6 3. Nc3 Bb4 4. Qc2 O-O 5. a3 Bxc3+ 6. Qxc3 d5 7. Bg5 Nbd7 8.
f3 b6 9. e3 Bb7 10. Bd3 h6 11. Bh4 dxc4 12. Bxc4 Rc8 13. Ne2 Ne4 14. Bxd8 Nxc3
15. Bh4 Nxe2 16. Kxe2 c5 17. Bb5 Nb8 18. dxc5 Rxc5 19. Bd3 Ba6 20. Bxa6 Nxa6
21. Rad1 Rfc8 22. Rd2 f6 23. Rhd1 Rc2 24. Rxc2 Rxc2+ 25. Rd2 Rxd2+ 26. Kxd2 Kf7
27. Kc3 Ke7 28. Kc4 Kd7 29. Bg3 e5 30. f4 Kd6 31. b4 Nc7 32. a4 a6 33. b5 axb5+
34. axb5 Nd5 35. fxe5+ fxe5 36. Bf2 Nf6 37. e4 Nd7 1/2-1/2

[Event "XII Olimpiadi IBCA"]
[Site "Tarragona ESP"]
[Date "2004.11.09"]
[Round "8.2"]
[White "Fratini, Mauro"]
[Black "Pohlers, Juergen"]
[Result "1/2-1/2"]
[WhiteElo "1778"]
[BlackElo "2148"]
[Annotator "ITA-GER"]
[PlyCount "33"]
[EventDate "2004.11.03"]

1. d4 Nf6 2. Nf3 g6 3. Bf4 Bg7 4. e3 d6 5. h3 Nbd7 6. Nbd2 O-O 7. Be2 b6 8. O-O
Bb7 9. c3 c5 10. Re1 Qc7 11. e4 e5 12. dxe5 dxe5 13. Bh2 Rad8 14. Qc2 a6 15.
Red1 Qc6 16. Nc4 Nxe4 17. Bf1 1/2-1/2

[Event "XII Olimpiadi IBCA"]
[Site "Tarragona ESP"]
[Date "2004.11.09"]
[Round "8.3"]
[White "Kroeger, Eckhard"]
[Black "Pugliese, Giuseppe"]
[Result "1-0"]
[WhiteElo "2127"]
[BlackElo "1648"]
[Annotator "ITA-GER"]
[PlyCount "51"]
[EventDate "2004.11.03"]

1. e4 c5 2. Nf3 e6 3. d4 cxd4 4. Nxd4 a6 5. Nc3 Qc7 6. Bd3 Nc6 7. Be3 Nf6 8.
O-O Be7 9. Nb3 b5 10. f4 d6 11. a4 b4 12. Nb1 Na5 13. N1d2 Nxb3 14. Nxb3 a5 15.
Qe2 O-O 16. Kh1 Bb7 17. Bd2 Qb6 18. e5 Nd7 19. Rae1 Qc7 20. c3 d5 21. f5 exf5
22. Rxf5 g6 23. Qg4 Kh8 24. Rh5 Nb6 25. Qh3 gxh5 26. Qf5 1-0

[Event "XII Olimpiadi IBCA"]
[Site "Tarragona ESP"]
[Date "2004.11.09"]
[Round "8.4"]
[White "Gasperoni, Claudio"]
[Black "Schellmann, Frank"]
[Result "0-1"]
[WhiteElo "1751"]
[BlackElo "2101"]
[Annotator "ITA-GER"]
[PlyCount "106"]
[EventDate "2004.11.03"]

1. d4 f5 2. c4 Nf6 3. g3 g6 4. Bg2 Bg7 5. Nc3 O-O 6. Nh3 d6 7. d5 Na6 8. O-O
Nc5 9. Qc2 e5 10. dxe6 Bxe6 11. Nd5 c6 12. Nxf6+ Qxf6 13. Nf4 Bf7 14. Nd3 Qe7
15. Nxc5 dxc5 16. Be3 Rfe8 17. Rad1 Rad8 18. b3 Bd4 19. Rd3 Qf6 20. Bc1 Qe7 21.
e3 Bf6 22. Rfd1 Rxd3 23. Rxd3 Rd8 24. Ba3 Rxd3 25. Qxd3 Be5 26. Kf1 Qd6 27. Ke2
Kf8 28. f4 Qxd3+ 29. Kxd3 Bd6 30. e4 fxe4+ 31. Bxe4 Be6 32. Ke3 Ke7 33. Kf3 b5
34. cxb5 cxb5 35. Bd3 c4 36. Bxd6+ Kxd6 37. bxc4 bxc4 38. Be4 Kc5 39. Ke3 Kb4
40. Kd2 c3+ 41. Kc1 Bxa2 42. f5 Bf7 43. fxg6 hxg6 44. h4 a5 45. Kb1 a4 46. Bd3
a3 47. Bc2 Kc5 48. g4 Kd4 49. h5 gxh5 50. gxh5 Bxh5 51. Ka2 Ke3 52. Kxa3 Kd2
53. Be4 Be2 0-1

[Event "XII Olimpiadi IBCA"]
[Site "Tarragona ESP"]
[Date "2004.11.12"]
[Round "9.1"]
[White "Kowalczyk, Martin"]
[Black "Wikman, Bengt"]
[Result "1/2-1/2"]
[WhiteElo "2066"]
[BlackElo "1973"]
[Annotator "ITA-FIN"]
[PlyCount "107"]
[EventDate "2004.11.03"]

1. e4 c5 2. Nf3 Nc6 3. Bb5 e6 4. Bxc6 bxc6 5. e5 Ba6 6. d3 d5 7. exd6 Bxd6 8.
Nbd2 Nf6 9. b3 Qc7 10. O-O O-O 11. Re1 Rad8 12. Qe2 Bc8 13. Nc4 Nd5 14. Bd2 f6
15. a4 Rde8 16. Ba5 Qd7 17. Nxd6 Qxd6 18. Nd2 e5 19. Ne4 Qe7 20. Bd2 Bf5 21. f3
Bxe4 22. dxe4 Nc7 23. Qc4+ Kh8 24. Be3 Ne6 25. a5 Rb8 26. Red1 Rfd8 27. Rxd8+
Rxd8 28. a6 Nd4 29. Ra5 Ne6 30. Bxc5 Rd1+ 31. Kf2 Qd7 32. Be3 Nf4 33. Qc3 Rh1
34. Ra1 Rxh2 35. Bxf4 exf4 36. Qd3 Qxd3 37. cxd3 Rh5 38. Rc1 h6 39. Rxc6 Rb5
40. Rc7 Rxb3 41. Rxa7 Rxd3 42. Rb7 Rd2+ 43. Kg1 Ra2 44. a7 Kh7 45. Kh2 h5 46.
Kh3 Kh6 47. Re7 Ra6 48. e5 Ra1 49. g3 fxe5 50. g4 h4 51. g5+ Kxg5 52. Rxg7+ Kf5
53. Rf7+ Kg6 54. Re7 1/2-1/2

[Event "XII Olimpiadi IBCA"]
[Site "Tarragona ESP"]
[Date "2004.11.12"]
[Round "9.2"]
[White "Tonteri, Ari"]
[Black "Fratini, Mauro"]
[Result "1/2-1/2"]
[WhiteElo "2009"]
[BlackElo "1778"]
[Annotator "ITA-FIN"]
[PlyCount "103"]
[EventDate "2004.11.03"]

1. e4 d6 2. d4 Nf6 3. Nc3 g6 4. f4 Bg7 5. Nf3 O-O 6. Bd3 c5 7. dxc5 dxc5 8. e5
Nd5 9. Nxd5 Qxd5 10. Qe2 Nc6 11. Be4 Qd7 12. Be3 Qc7 13. c3 a5 14. O-O b6 15.
Qf2 e6 16. Bc2 Bb7 17. Ng5 Ne7 18. Rae1 Nf5 19. Bc1 Ba6 20. g4 Ne7 21. Qh4 h6
22. Ne4 Bxf1 23. Nf6+ Kh8 24. Rxf1 Ng8 25. g5 Bxf6 26. gxf6 c4 27. Rf3 Rfd8 28.
Rh3 Qc5+ 29. Be3 Qf8 30. f5 Kh7 31. fxg6+ fxg6 32. Qg5 Qf7 33. Qh5 Rd3 34. Bxd3
cxd3 35. Qh4 h5 36. Qg5 Rd8 37. Bd4 Nh6 38. Rxd3 Nf5 39. Qd2 b5 40. Bb6 Rxd3
41. Qxd3 Qb7 42. Qd8 a4 43. Bc5 Qf3 44. Qd7+ Kh6 45. Qd8 Qg4+ 46. Kf2 Qf4+ 47.
Ke1 Qxe5+ 48. Kf1 Qxc5 49. f7 Qc4+ 50. Kg1 Qg4+ 51. Kf2 Qf4+ 52. Ke2 1/2-1/2

[Event "C.to Regionale Piemonte"]
[Site "Torino ITA"]
[Date "2004.04.??"]
[Round "2"]
[White "Castaldo, Folco"]
[Black "Sorcinelli, Francesco"]
[Result "1-0"]
[WhiteElo "2329"]
[BlackElo "2082"]
[PlyCount "111"]
[EventDate "2004.04.21"]

1. Nf3 d6 2. d4 Nf6 3. c4 g6 4. Nc3 Bg7 5. e4 O-O 6. Be2 e5 7. d5 a5 8. Bg5 h6
9. Bh4 Na6 10. Nd2 Qe8 11. O-O Nh7 12. a3 Bd7 13. b3 f5 14. exf5 gxf5 15. Bh5
Qc8 16. Be7 e4 17. Rc1 Nc5 18. Bxf8 Qxf8 19. Be2 Ng5 20. f4 Nh7 21. Re1 Bd4+
22. Kh1 Qg7 23. Nb5 Bxb5 24. cxb5 Nf6 25. b4 Ng4 26. Bxg4 Nd3 27. Rf1 fxg4 28.
Nxe4 Nxc1 29. Qxc1 axb4 30. axb4 Qe7 31. Ng3 Ra1 32. Qc4 Rxf1+ 33. Qxf1 Bc3 34.
Nf5 Qf6 35. Qd3 Bxb4 36. h3 h5 37. Qe4 Kf8 38. Kh2 Be1 39. Qxe1 Qxf5 40. hxg4
Qxf4+ 41. Qg3 Qg5 42. Qf3+ Kg7 43. gxh5 Kh6 44. g4 Qd2+ 45. Kh3 Kg7 46. Qe4
Qc3+ 47. Kh4 Qf6+ 48. g5 Qf2+ 49. Kg4 Qg1+ 50. Kf5 Qf1+ 51. Kg4 Qg1+ 52. Kf4
Qf1+ 53. Qf3 Qc1+ 54. Kf5 Qe1 55. h6+ Kf8 56. Kg6+ 1-0

[Event "C.to Regionale Piemonte"]
[Site "Torino ITA"]
[Date "2004.04.??"]
[Round "2"]
[White "Ragni, Paolo"]
[Black "Racioppo, Paolo"]
[Result "1-0"]
[WhiteElo "2093"]
[BlackElo "2218"]
[PlyCount "79"]
[EventDate "2004.04.21"]

1. e4 c5 2. Nc3 a6 3. g3 b5 4. Bg2 Bb7 5. Nge2 Nf6 6. d3 d6 7. f4 Nbd7 8. h3 b4
9. Nb1 Qb6 10. Be3 g6 11. Nd2 Bg7 12. O-O h5 13. f5 gxf5 14. Rxf5 e6 15. Nc4
Qc7 16. Rf1 d5 17. exd5 Nxd5 18. Bg5 f6 19. Bh4 O-O-O 20. Qd2 Bh6 21. Qe1 Rdg8
22. a3 Bg5 23. Bxg5 Rxg5 24. axb4 h4 25. bxc5 Nxc5 26. Qa5 hxg3 27. b4 Nd7 28.
Nd4 N5b6 29. Bxb7+ Kxb7 30. Qxa6+ Kb8 31. Nxe6 Qc6 32. Nxg5 fxg5 33. Qa7+ Kc8
34. Nxb6+ Nxb6 35. Qg7 Rd8 36. Rf8 Rxf8 37. Qxf8+ Kb7 38. c4 Na4 39. Rf1 Nb6
40. Rf7+ 1-0

[Event "C.to Regionale Piemonte"]
[Site "Torino ITA"]
[Date "2004.04.??"]
[Round "2"]
[White "Ranieri, Fabrizio"]
[Black "Astengo, Marcello"]
[Result "1-0"]
[WhiteElo "2216"]
[BlackElo "2069"]
[PlyCount "55"]
[EventDate "2004.04.21"]

1. e4 e6 2. d4 d5 3. Nc3 Nf6 4. Bg5 Bb4 5. e5 h6 6. Bd2 Bxc3 7. bxc3 Ne4 8. Qg4
Kf8 9. h4 c5 10. Rh3 Nc6 11. Bd3 Nxd2 12. Kxd2 c4 13. Be2 b5 14. Qf4 Bd7 15.
Bh5 Be8 16. a3 a5 17. Ne2 Rb8 18. g4 g5 19. Qh2 Qe7 20. f4 b4 21. axb4 axb4 22.
hxg5 hxg5 23. f5 Rg8 24. Rf1 b3 25. Bg6 exf5 26. Rh7 Qa3 27. Qh6+ Ke7 28. Bxf7
1-0

[Event "C.to Regionale Piemonte"]
[Site "Torino ITA"]
[Date "2004.04.??"]
[Round "3"]
[White "D'Ingiullo, Roberto"]
[Black "Castaldo, Folco"]
[Result "0-1"]
[WhiteElo "2132"]
[BlackElo "2329"]
[PlyCount "80"]
[EventDate "2004.04.21"]

1. e4 e6 2. Nf3 d5 3. Nc3 Nf6 4. e5 Nfd7 5. d4 c5 6. dxc5 Nc6 7. Bf4 Bxc5 8.
Bd3 f6 9. exf6 Qxf6 10. Bg3 O-O 11. O-O Nd4 12. Nxd4 Bxd4 13. Qe2 Nc5 14. Rad1
Bd7 15. Rfe1 Rac8 16. Kh1 Nxd3 17. Rxd3 Bxc3 18. Rxc3 Rxc3 19. bxc3 Qxc3 20.
Be5 Qc4 21. Qd2 Qg4 22. h3 Qf5 23. f4 Rc8 24. c3 b6 25. Re3 Be8 26. Rg3 Bg6 27.
Rg5 Qb1+ 28. Kh2 h6 29. Rg3 Rf8 30. Qe2 Qf5 31. Bd6 Rd8 32. Be5 Kh7 33. Qa6 Qf7
34. Qe2 Rg8 35. Qg4 Be4 36. Qh4 Bg6 37. Qg4 Bb1 38. a3 g5 39. fxg5 Rxg5 40. Qh4
Rxe5 0-1

[Event "C.to Regionale Piemonte"]
[Site "Torino ITA"]
[Date "2004.04.??"]
[Round "3"]
[White "Faraoni, Enrico"]
[Black "Giacometto, Mario"]
[Result "0-1"]
[WhiteElo "2178"]
[BlackElo "1871"]
[PlyCount "98"]
[EventDate "2004.04.21"]

1. e4 Nf6 2. Nc3 d6 3. d4 g6 4. f4 Bg7 5. Be3 O-O 6. Qd2 c6 7. Nf3 b5 8. Bd3
Nbd7 9. e5 b4 10. Ne4 Nd5 11. h4 f5 12. Neg5 N7b6 13. h5 gxh5 14. Rxh5 h6 15.
O-O-O Na4 16. g4 Nac3 17. Qh2 Nxd1 18. Rxh6 Bxh6 19. Qxh6 Rf7 20. Nxf7 Qf8 21.
Qg6+ Qg7 22. Nh6+ Kf8 23. Qh5 N1xe3 24. exd6 Nxf4 25. Qh2 Nxd3+ 26. cxd3 Nxg4
27. dxe7+ Ke8 28. Nxg4 fxg4 29. Qh5+ Kxe7 30. Qc5+ Kd8 31. Ne5 Bd7 32. Qd6 Rc8
33. Ng6 Rc7 34. Kb1 Qf7 35. Ne5 Qe7 36. Qg6 Kc8 37. Qg8+ Kb7 38. a3 Qe6 39. Qf8
c5 40. Nc4 b3 41. Nd6+ Ka6 42. Ne4 Qf5 43. Qh6+ Rc6 44. Qh1 cxd4 45. Qd1 Rc2
46. a4 Bxa4 47. Qe1 Qa5 48. Qh1 Bc6 49. Nc5+ Qxc5 0-1

[Event "C.to Regionale Piemonte"]
[Site "Torino ITA"]
[Date "2004.04.??"]
[Round "3"]
[White "Racioppo, Paolo"]
[Black "Pepino, Enrico"]
[Result "1/2-1/2"]
[WhiteElo "2218"]
[BlackElo "2074"]
[PlyCount "39"]
[EventDate "2004.04.21"]

1. f4 c5 2. Nf3 g6 3. g3 Bg7 4. Bg2 Nc6 5. d3 d5 6. O-O Nf6 7. Nc3 O-O 8. a3
Rb8 9. Qe1 Bg4 10. e3 Bxf3 11. Bxf3 d4 12. Nd1 dxe3 13. Nxe3 Nd4 14. Bg2 e6 15.
Qf2 b6 16. Bd2 Nd5 17. Rad1 Nxe3 18. Bxe3 Nf5 19. c3 Nxe3 20. Qxe3 1/2-1/2

[Event "C.to Regionale Piemonte"]
[Site "Torino ITA"]
[Date "2004.04.??"]
[Round "3"]
[White "Ragni, Paolo"]
[Black "Ranieri, Fabrizio"]
[Result "1-0"]
[WhiteElo "2093"]
[BlackElo "2216"]
[PlyCount "89"]
[EventDate "2004.04.21"]

1. e4 e6 2. d3 d5 3. Nd2 Nf6 4. Ngf3 Be7 5. g3 O-O 6. Bg2 c5 7. O-O Nc6 8. Re1
b5 9. e5 Nd7 10. Nf1 a5 11. h4 b4 12. Bf4 a4 13. a3 bxa3 14. bxa3 Rb8 15. c4
Nb6 16. N1d2 Ba6 17. Qc2 Qd7 18. Rab1 Rfc8 19. Bf1 dxc4 20. dxc4 Nd4 21. Qc3
Qc6 22. Bg2 Bb7 23. h5 Ba8 24. h6 g6 25. Ne4 Kh8 26. Bg5 Bf8 27. Rbd1 Nd7 28.
Nxd4 cxd4 29. Rxd4 Nc5 30. Bf6+ Kg8 31. Be7 Nxe4 32. Bxe4 Qe8 33. Bxf8 Qxf8 34.
Bxa8 Rxa8 35. Qe3 Rab8 36. Red1 Rd8 37. Rd6 Rdc8 38. c5 Rb3 39. Qg5 Re8 40. c6
Rc3 41. Rd8 f6 42. exf6 Rc5 43. f7+ Kxf7 44. R1d7+ Kg8 45. Rg7+ 1-0

[Event "C.to Regionale Piemonte"]
[Site "Torino ITA"]
[Date "2004.04.??"]
[Round "3"]
[White "Xausa, Flavio"]
[Black "Vinciguerra, Marco"]
[Result "1-0"]
[WhiteElo "1880"]
[BlackElo "2139"]
[PlyCount "41"]
[EventDate "2004.04.21"]

1. Nf3 Nf6 2. g3 d6 3. Bg2 e5 4. d3 Be7 5. O-O O-O 6. e4 c6 7. c4 Qc7 8. Nc3
Nbd7 9. Nh4 Re8 10. f4 exf4 11. gxf4 Nf8 12. Nf3 Bg4 13. Be3 Ng6 14. Rc1 Rad8
15. d4 Qd7 16. Qc2 Nh5 17. Ne1 Bh4 18. f5 Ngf4 19. Bxf4 Nxf4 20. Rxf4 Bg5 21.
Rxg4 1-0

[Event "C.to Regionale Piemonte"]
[Site "Torino ITA"]
[Date "2004.04.??"]
[Round "4"]
[White "Banchio, Davide"]
[Black "Faraoni, Enrico"]
[Result "0-1"]
[WhiteElo "1895"]
[BlackElo "2178"]
[PlyCount "65"]
[EventDate "2004.04.21"]

1. e4 g6 2. d4 Bg7 3. Nc3 d6 4. Be3 c6 5. Qd2 b5 6. h4 Nf6 7. f3 Nbd7 8. g4 e5
9. Nge2 b4 10. Nd1 Nb6 11. Qxb4 O-O 12. Qd2 Nc4 13. Qc3 Nxe3 14. Qxe3 exd4 15.
Nxd4 Re8 16. Nf2 c5 17. Nb3 Qc7 18. O-O-O Rb8 19. Qd3 Rb6 20. h5 Ba6 21. c4
Reb8 22. hxg6 hxg6 23. g5 Nh5 24. Ng4 Qe7 25. Qd2 Ng3 26. Bd3 Nxh1 27. Rxh1 Bc8
28. Nh6+ Kf8 29. f4 a5 30. f5 a4 31. f6 Qe5 32. fxg7+ Kxg7 33. Ng4 0-1

[Event "C.to Regionale Piemonte"]
[Site "Torino ITA"]
[Date "2004.04.??"]
[Round "4"]
[White "Castaldo, Folco"]
[Black "Ragni, Paolo"]
[Result "1-0"]
[WhiteElo "2329"]
[BlackElo "2093"]
[PlyCount "107"]
[EventDate "2004.04.21"]

1. c4 e5 2. g3 Nf6 3. Bg2 Nc6 4. Nc3 Bb4 5. Nd5 Nxd5 6. cxd5 Ne7 7. Qb3 Bc5 8.
Nf3 f6 9. O-O c6 10. dxc6 bxc6 11. d4 exd4 12. Bf4 Qb6 13. Rac1 Qxb3 14. axb3
Bb6 15. Rfd1 g5 16. Bd6 Nf5 17. Bc5 Rb8 18. g4 Nh4 19. Nxd4 Nxg2 20. Kxg2 Bxc5
21. Rxc5 d6 22. Ra5 O-O 23. f3 c5 24. Nf5 Bxf5 25. gxf5 Rxb3 26. Rxd6 Rxb2 27.
Re6 Rb6 28. Re7 Rf7 29. Rxf7 Kxf7 30. Rxc5 Ra6 31. Rc7+ Kg8 32. Kg3 Ra4 33. e4
h5 34. h4 g4 35. fxg4 Rxe4 36. gxh5 a5 37. Ra7 a4 38. h6 Rb4 39. h7+ Kh8 40.
Rf7 Rc4 41. Rxf6 Kxh7 42. Ra6 Kg7 43. h5 Rb4 44. f6+ Kf7 45. Kh3 Rf4 46. h6
Rxf6 47. h7 Rxa6 48. h8=Q a3 49. Qh7+ Kf8 50. Qf5+ Kg7 51. Qd7+ Kh6 52. Qd3 Ra8
53. Qd2+ Kh7 54. Qd7+ 1-0

[Event "C.to Regionale Piemonte"]
[Site "Torino ITA"]
[Date "2004.04.??"]
[Round "4"]
[White "Diana, Riccardo"]
[Black "Astengo, Marcello"]
[Result "1-0"]
[WhiteElo "2112"]
[BlackElo "2069"]
[PlyCount "80"]
[EventDate "2004.04.21"]

1. e4 c6 2. d4 d5 3. Nc3 dxe4 4. Nxe4 Nf6 5. Nxf6+ exf6 6. Nf3 Bd6 7. Bc4 O-O
8. O-O Nd7 9. h3 Nb6 10. Bb3 Bf5 11. c4 Bc7 12. Re1 Qd7 13. Be3 Rad8 14. d5
Rfe8 15. d6 Bb8 16. c5 Nd5 17. Bxd5 cxd5 18. Qxd5 Be4 19. Qd1 Qb5 20. Nd2 Bc6
21. Nb3 b6 22. Qc2 Be4 23. Qc3 bxc5 24. Qxc5 Qb7 25. f3 Re5 26. Qc3 Bf5 27. Bc5
Rd5 28. Rad1 Rc8 29. Rxd5 Qxd5 30. Qd4 Qc6 31. Rd1 Qd7 32. Ba3 a5 33. Nc5 Qb5
34. Kh1 Ba7 35. d7 Rd8 36. Qd5 Bxc5 37. Qxf5 Qe2 38. Qd5 Bb6 39. Qd2 Qe5 40.
Re1 Qb8 1-0

[Event "C.to Regionale Piemonte"]
[Site "Torino ITA"]
[Date "2004.04.??"]
[Round "4"]
[White "Giacometto, Mario"]
[Black "Xausa, Flavio"]
[Result "0-1"]
[WhiteElo "1871"]
[BlackElo "1880"]
[PlyCount "26"]
[EventDate "2004.04.21"]

1. e4 c5 2. Nf3 d6 3. d4 cxd4 4. Nxd4 Nf6 5. Nc3 g6 6. Be3 Bg7 7. Qd2 Nc6 8. f3
O-O 9. O-O-O d5 10. exd5 Nxd5 11. Bc4 Nxe3 12. Qxe3 Bxd4 13. Rxd4 Qxd4 0-1